Financial globalization (Record no. 161949)
[ view plain ]
| 000 -LEADER | |
|---|---|
| fixed length control field | 01210nam a2200313 a 4500 |
| 082 04 - DEWEY DECIMAL CLASSIFICATION NUMBER | |
| Classification number | 332/.042 |
| 245 00 - TITLE STATEMENT | |
| Title | Financial globalization |
| 260 ## - PUBLICATION, DISTRIBUTION, ETC. (IMPRINT) | |
| Place of publication | Hauppauge, N.Y. : |
| Name of publisher | Nova Science Publishers, |
| Year of publication | c2010. |
| 300 ## - PHYSICAL DESCRIPTION | |
| Number of Pages | viii, 75 p. : |
| Other physical details | ill. |
| 650 #0 - SUBJECT ADDED ENTRY--TOPICAL TERM | |
| Topical Term | International finance. |
| Topical Term | Globalization |
| 700 1# - ADDED ENTRY--PERSONAL NAME | |
| Personal name | Cardwell, Jason H. |
| 856 40 - ELECTRONIC LOCATION AND ACCESS | |
| Uniform Resource Identifier | http://site.ebrary.com/lib/rucke/Doc?id=10670976 |
No items available.
